01175nam a2200265Ia 4500003000900000008004100009020001800050040001600068080001700084111008200101245027600183260005000459300001600509490003900525650002500564650001900589650001900608700005000627700004200677700003200719710004000751942000700791999001700798952009400815IN-BaIIA211028s9999 xx 000 0 eng d a0-7354-0273-6 cIIA Library a524.338bMAG aAmerican Institute of Physics ConferencecBrazild2004 Nov. 28- Dec. 3930110 0aMagnetic fields in the universe-from laboratory and stars to primordial structuresbAIP conference proceedings held in Angra dos Reis, Brazil, 28 Nov - 3 Dec 2004cedited by Elisabete M. De Gouveia Dal Pino, German Lugones and Alexander Lazarian  aNew YorkbAmerican Institute of Physicsc2005 axxii, 455p. aAIP conference proceedings; v. 784 aMagnetic fields9530 aStar formation aUniverse91987 aDe Gouveia Dal Pino, Elisabete M., ed.930111 aLazarian, Alexander, ed. 930112 aLugones, German, ed.930113 aAmerican Institute of Physics92416 cBK c16275d16275 00104070aBANbBANcGENd2006-11-06l0o524.338/ MAGp17197r2021-11-05w2006-11-06yBK